00390nam a2200121Ia 4500008004100000082001000041100003700051245003600088260006500124300000700189630003600196730003600232100204s9999 xx 000 0 und d b10252 aफडके वि. के. aविलक्षण पैज b"शकुन प्रकाशन , पुणे 30"c1985 a31 aविलक्षण पैज aविलक्षण पैज